Biggest Pennsylvania Cities by letter - Statistics

General Stats
  • This quiz has been taken 23 times
  • The average score is 13 of 25
Answer Stats
Population Letter City % Correct
49,528 H Harrisburg
100%
1,526,006 P Philadelphia
100%
118,032 A Allentown
95%
101,786 E Erie
90%
76,089 S Scranton
90%
74,982 B Bethlehem
85%
59,322 L Lancaster
85%
41,498 W Wilkes-Barre
85%
88,082 R Reading
80%
43,718 Y York
80%
20,978 J Johnstown
70%
33,972 C Chester
60%
34,324 N Norristown
50%
8,979 Q Quakertown
50%
13,975 I Indiana
40%
10,557 O Oil City
40%
14,892 G Greensburg
35%
3,812 Z Zelienople
35%
19,936 K King of Prussia
30%
28,043 D Drexel Hill
5%
32,730 M Mount Lebanon
5%
7,107 T Tamaqua
5%
14,925 F Fullerton
0%
19,229 U Upper Saint Clair
0%
7,822 V Village Green-Green Ridge
0%
No matching quizzes found
Score Distribution
Percent of People with Each Score
Percentile by Number Answered
Your Score History
You have not taken this quiz